000 00524nam a22001937a 4500
003 KOHA_MİRAKIL
005 20250411164245.0
008 250411b tu ||||| |||| 00| 0 tur d
020 _a9786050846553
040 _aTR-AnABB
_btur
_cTR-AnABB
041 _atur
082 _a843.8
_bGID 2023
100 1 _aGide, Andre,
245 1 0 _aMahsur kadın /
_cAndré Gide
260 _aİstanbul :
_bTimaş Yayınları,
_c2023
300 _a141 sayfa ;
_c21 cm
650 0 4 _aFransız edebiyatı, roman
942 _2ddc
_cBK
999 _c8654
_d8654
900 _bGizem YORULMAZ